VPLYV APLIKÁCIE PROBIOTÍK NA HUMORÁLNU IMUNITU U TELIAT

Bibliographic Details
Main Authors: Bomba, Alojz (Author), Bírešová, M. (Author), Skalická, M. (Author), Naď, Pavel, 1954- (Author), Herich, Róbert, 1968- (Author)
Format: Article
Language:Slovak

MARC

LEADER 00000nab a2200000ua 4500
001 vtls010804462
003 SK-MaSNL
005 20260303122230.0
008 230207s1997 xo |||||||||||||||||slo|
035 |a (urnnbn)urn:nbn:sk:snk:ar-a03t0u 
035 |a (uuid)99df13e9-3506-4973-aff8-0e9815e2ae3e 
035 |a urn:nbn:sk:snk-ab5evz 
040 |a SNKBUCL  |b slo  |c SNKBUCL  |e AACR2 
041 0 |a slo 
044 |a xo  |c SK 
100 1 |a Bomba, Alojz  |4 aut  |9 9696 
245 1 0 |a VPLYV APLIKÁCIE PROBIOTÍK NA HUMORÁLNU IMUNITU U TELIAT  |c A. Bomba, M. Bírešová, M. Skalická, P. Naď, R. Herich 
700 1 |a Bírešová, M.  |4 aut  |9 813564 
700 1 |a Skalická, M.  |4 aut  |9 772285 
700 1 |a Naď, Pavel,  |d 1954-  |4 aut  |9 223904 
700 1 |a Herich, Róbert,  |d 1968-  |4 aut  |9 197424 
773 0 |t Slovenský veterinársky časopis : odborný dvojmesačník pre veterinárnu starostlivosť, zdravie zvierat, veterinárnu farmáciu, dietetiku, welfare, hygienu potravín, potravinový dozor a veterinárnu prax  |g Roč. 22, č. 2 (1997), s. 110-113 
954 |a odborná, vedecká literatúra pôvodná (slovenská)  |2 lita 
958 |a OND 
958 |a EUIPO 
958 |a article3 
999 |c 1919821  |d 1921751